Artists That Have Worked with Timbaland - Statistics

General Stats
  • This quiz has been taken 6 times
  • The average score is 27 of 132
Answer Stats
Artist % Correct
Jay-Z
100%
Justin Timberlake
100%
Dr Dre
80%
Eve
80%
Lil Kim
80%
Nelly Furtado
80%
T.I.
80%
Usher
80%
50 Cent
60%
Aaliyah
60%
Destiny's Child
60%
Eminem
60%
Jennifer Lopez
60%
Katy Perry
60%
Mariah Carey
60%
Miley Cyrus
60%
Missy Elliott
60%
Nas
60%
Rihanna
60%
Snoop Dogg
60%
The Black Eyed Peas
60%
Ashlee Simpson
40%
Beyonce
40%
BIA
40%
Busta Rhymes
40%
Elton John
40%
Fat Joe
40%
Ice Cube
40%
Jamie Foxx
40%
Ludacris
40%
Madonna
40%
Alicia Keys
20%
Big Boi
20%
Boyz II Men
20%
Brandy
20%
Da Brat
20%
Demi Lovato
20%
Dido
20%
E-40
20%
Jack Harlow
20%
Jadakiss
20%
Jade
20%
Janet Jackson
20%
J. Cole
20%
Jennifer Hudson
20%
Jet
20%
JoJo
20%
Joyner Lucas
20%
Juicy J
20%
Juvenile
20%
Kanye West
20%
Keri Hilson
20%
Lil Wayne
20%
Little Mix
20%
Lloyd Banks
20%
Magoo
20%
MC Ren
20%
M.I.A.
20%
Nate Dogg
20%
Nicole Scherzinger
20%
Obie Trice
20%
OneRepublic
20%
Pusha T
20%
Redman
20%
Rick Ross
20%
Shakira
20%
The Game
20%
The Lox
20%
The Pussycat Dolls
20%
Tony Yayo
20%
Twista
20%
UGK
20%
Xzibit
20%
Amar
0%
Beanie Sigel
0%
Björk
0%
Black Thought
0%
Bobby Valentino
0%
Bran' Nu
0%
Bryson Tiller
0%
Burna Boy
0%
Candice Nelson
0%
Chad Kroeger
0%
Chance the Rapper
0%
Cher
0%
Chingy
0%
Chris Cornell
0%
Corey Hawkins
0%
Damian Marley
0%
Danity Kane
0%
Daughtry
0%
Dave East
0%
Esthero
0%
Fall Out Boy
0%
Ginuwine
0%
Gucci Mane
0%
Jim Beanz
0%
Jodeci
0%
Justine Skye
0%
Kara Wolf
0%
Kehlani
0%
Kenny G
0%
K. Michelle
0%
Kurupt
0%
Lenny Kravitz
0%
Lil Mo
0%
Limp Bizkit
0%
LL Cool J
0%
Mack 10
0%
Memphis Bleek
0%
Monica
0%
Mr. Cheeks
0%
Ms. Jade
0%
Ne-Yo
0%
Omarion
0%
Petey Pablo
0%
Playa
0%
Sean Paul
0%
Sebastian
0%
Shade Sheist
0%
She Wants Revenge
0%
Skillz
0%
Slum Village
0%
Soshi
0%
Static Major
0%
The Fray
0%
The Lady of Rage
0%
Truth Hurts
0%
Virginia Williams
0%
Wyclef Jean
0%
Young Jeezy
0%
Zane
0%
No matching quizzes found
Score Distribution
Percent of People with Each Score
Percentile by Number Answered
Your Score History
You have not taken this quiz